Le plan de la Ville de Paris (Record no. 121485)

MARC details
000 -LEADER
campo de control de longitud fija 00656nam a2200181 i 4500
001 - NÚMERO DE CONTROL
campo de control 121485
003 - IDENTIFICADOR DE NÚMERO DE CONTROL
campo de control ES-MaACL
005 - FECHA Y HORA DE LA ÚLTIMA TRANSACCIÓN
campo de control 20250902001711.0
007 - CAMPO FIJO DE DESCRIPCIÓN FÍSICA--INFORMACIÓN GENERAL
campo de control de longitud fija t|
008 - DATOS DE LONGITUD FIJA--INFORMACIÓN GENERAL
campo de control de longitud fija 070214s1931 fr r ||||1| fre d
245 03 - MENCIÓN DEL TÍTULO
Título Le plan de la Ville de Paris
Resto del título : avec l'indication des sous etablissements : offert gracieusement aux visiters de l'Exposition Coniale.
260 ## - PUBLICACIÓN, DISTRIBUCIÓN, ETC.
Lugar de publicación, distribución, etc. [S. l.] :
Nombre del editor, distribuidor, etc. Societé des Autos Relais,
Fecha de publicación, distribución, etc. 1931 (
Lugar de fabricación/manufactura Levallois :
Fabricante Societé Industrielle d''Imprimerie)
300 ## - DESCRIPCIÓN FÍSICA
Extensión [80 p.] :
Otras características físicas il. ;
Dimensiones 28 cm.
650 #7 - PUNTO DE ACCESO ADICIONAL DE MATERIA--TÉRMINO DE MATERIA
Término de materia o nombre geográfico como elemento de entrada Comercios-
Subdivisión geográfica París
Fuente del encabezamiento o término
9 (RLIN) 159149
651 #4 - PUNTO DE ACCESO ADICIONAL DE MATERIA--NOMBRE GEOGRÁFICO
Nombre geográfico Paris-
Subdivisión de forma Planos.
9 (RLIN) 159148
852 ## - LOCALIZACIÓN
Ubicación ES-MaACL
Número de control de estantería 1755-F-1
Holdings
Estatus retirado Estado de pérdida Estado de daño No para préstamo Colección Biblioteca de origen Biblioteca actual Ubicación en estantería Fecha de adquisición Fuente de adquisición Total de préstamos Signatura topográfica completa Código de barras Visto por última vez Precio de reemplazo Tipo de ítem Koha
        Colección de folletos Biblioteca del Ateneo de Madrid Biblioteca del Ateneo de Madrid Depósito folletos 17/01/2008     1755-F-1 1126607 23/02/2023 23/02/2023 Folleto